Total Eclipse Of The Heart (Re-Recorded) - Bonnie Tyler - All Lyrics - Statistics

General Stats
  • This quiz has been taken 352 times
  • The average score is 365 of 423
Answer Stats
Answer % Correct
a
100%
A
100%
I
99%
the
99%
now
98%
to
98%
and
97%
And
97%
(And
97%
ever
97%
Every
96%
'round
96%
then
96%
you
96%
you)
96%
around)
95%
around,
95%
of
95%
(Turn
95%
need
93%
apart
92%
fall
91%
heart
91%
in
91%
on
91%
eclipse
90%
more
90%
tonight
90%
tonight)
90%
total
90%
little
89%
than
89%
your
89%
Your
89%
be
88%
bit
87%
eyes
87%
eyes)
87%
forever
87%
time
87%
time)
87%
we
87%
can
86%
do
86%
get
86%
it
86%
love
86%
love,
86%
only
86%
only)
86%
I'm
85%
I’m
85%
if
84%
(If
84%
me
84%
bright
82%
falling
82%
my
82%
never
82%
never)
82%
Once
82%
was
82%
upon
81%
hold
80%
is
80%
nothing
79%
Nothing
79%
end
78%
dark
77%
lonely
77%
right
77%
say
77%
tight
77%
Together
77%
We’ll
77%
we'll
77%
there
76%
gonna
75%
look
75%
holding
74%
really
74%
see
74%
start
74%
all
73%
(All
73%
don't
73%
know
73%
like
73%
what
73%
you're
73%
There’s
72%
there's
72%
life,
70%
light
70%
making
70%
'cause
69%
‘Cause
69%
but
68%
tired
68%
always
67%
coming
66%
take
66%
wrong
66%
Forever’s
63%
(Forever's
63%
by
62%
sound
61%
that
61%
have
59%
listening
59%
shadow
59%
terrified
59%
tears
58%
gone
56%
years
54%
living
53%
Living
53%
line
52%
best
51%
nervous
51%
We’re
51%
giving
49%
off
48%
sparks
46%
you'll
44%
keg
37%
powder
37%
No matching quizzes found
Score Distribution
Percent of People with Each Score
Percentile by Number Answered
Your Score History
You have not taken this quiz